000 00248nam a22001217a 4500
040 _cSY
082 _a630
100 _aJONATHAN TURNER
245 _aApplied farm management
260 _aRAC
_bJONATHAN TURNER
_c1998
300 _a348p.
942 _cEK
999 _c8795
_d8795